000 00519nam a2200241Ia 4500
001 001746
003 YMCAF
005 20230512160115.0
008 100717s1970 ||||||||||||||||| ||und|d
024 _a1746
035 _a1727
040 _aYMCAF
_beng
_cIN-KoLT
041 _aeng
082 _a604.24
_bFRE
100 _aFRENCH, THOMAS E
245 0 _aGRAPHICS SCIENCE AND DESIGN
250 _a3RD
260 _c1970
300 _a0
653 _aMechanical
700 _aVIERCK, CHARLES J
942 _2ddc
_cBK
999 _c1424
_d1424